Sports Quiz

Random Sports or NFL Quiz

2019 NFL Linebackers Quiz Stats

 Plays Quiz not verified by Sporcle

Score 0/110 Timer 15:00
0 Plays Today
Team Player % Correct
Arizona CardinalsChandler Jones
95.5%
Denver BroncosVon Miller
85.2%
Chicago BearsRoquan Smith
83%
New York JetsC.J. Mosley
82.5%
Baltimore RavensPernell McPhee
80%
New York JetsNeville Hewitt
78.2%
Pittsburgh SteelersBud Dupree
77.5%
Dallas CowboysLeighton Vander Esch
75.8%
Carolina PanthersLuke Kuechly
74.1%
Green Bay PackersPreston Smith
73.7%
Baltimore RavensChris Board
73%
Seattle SeahawksBobby Wagner
72.2%
Pittsburgh SteelersVince Williams
72%
Kansas City ChiefsAnthony Hitchens
71.3%
Minnesota VikingsAnthony Barr
71.3%
Washington RedskinsRyan Anderson
71%
New England PatriotsElandon Roberts
70.4%
Carolina PanthersShaq Thompson
70.2%
Kansas City ChiefsDamien Wilson
69.9%
Jacksonville JaguarsQuincy Williams
68.3%
Kansas City ChiefsReggie Ragland
67.9%
Pittsburgh SteelersMark Barron
67.4%
New England PatriotsDont'a Hightower
67.2%
Baltimore RavensPatrick Onwuasor
66.5%
New England PatriotsKyle Van Noy
65.8%
Denver BroncosBradley Chubb
65.6%
Tampa Bay BuccaneersLavonte David
65.6%
San Francisco 49ersKwon Alexander
65.2%
Dallas CowboysJaylon Smith
63.6%
Houston TexansZach Cunningham
63.4%
Philadelphia EaglesZach Brown
62.5%
Pittsburgh SteelersT.J. Watt
62.1%
Miami DolphinsSam Eguavoen
60.9%
Detroit LionsJarrad Davis
60.5%
Buffalo BillsMatt Milano
60%
Oakland RaidersVontaze Burfict
59.8%
San Francisco 49ersFred Warner
59.7%
Team Player % Correct
Indianapolis ColtsAnthony Walker
59.4%
Green Bay PackersOren Burks
59%
Green Bay PackersZa'Darius Smith
58.9%
Green Bay PackersBlake Martinez
58.6%
Cincinnati BengalsPreston Brown
58.3%
Washington RedskinsRyan Kerrigan
58.2%
Baltimore RavensMatt Judon
58%
Washington RedskinsShaun Dion Hamilton
57.8%
Jacksonville JaguarsMyles Jack
57.3%
Philadelphia EaglesKamu Grugier-Hill
56.8%
Chicago BearsKhalil Mack
56.8%
Buffalo BillsTremaine Edmunds
56.7%
Cincinnati BengalsJordan Evans
56.5%
Denver BroncosJosey Jewell
56.5%
Minnesota VikingsEric Kendricks
56.5%
Denver BroncosTodd Davis
55.8%
Houston TexansBrennan Scarlett
55.6%
Cleveland BrownsGenard Avery
55.5%
Los Angeles ChargersUchenna Nwosu
55.4%
Tennessee TitansHarold Landry
55.3%
Oakland RaidersTahir Whitehead
54.9%
Carolina PanthersMario Addison
54.8%
Oakland RaidersNicholas Morrow
54.7%
Seattle SeahawksShaq Griffin
54.7%
Houston TexansWhitney Mercilus
54.5%
Philadelphia EaglesNigel Bradham
54.4%
Seattle SeahawksK.J. Wright
53.7%
Indianapolis ColtsDarius Leonard
53.4%
Los Angeles ChargersDenzel Perryman
53.2%
New York JetsHarvey Langi
52.9%
New York JetsJordan Jenkins
52.2%
Miami DolphinsRaekwon McMillan
52%
Cleveland BrownsChristian Kirksey
51.2%
San Francisco 49ersMark Nzeocha
51%
Minnesota VikingsBen Gedeon
50.9%
Detroit LionsChristian Jones
50.4%
Buffalo BillsLorenzo Alexander
50.4%
Team Player % Correct
Tennessee TitansRashaan Evans
49.5%
Los Angeles RamsCorey Littleton
49.5%
New York GiantsAlec Ogletree
48.7%
Tampa Bay BuccaneersDevin White
48.2%
Los Angeles RamsClay Matthews
47.1%
Los Angeles RamsBryce Hager
47.1%
Chicago BearsLeonard Floyd
46.7%
New York GiantsKareem Martin
46.3%
Miami DolphinsJerome Baker
45.7%
New York GiantsLorenzo Carter
45.5%
New Orleans SaintsKiko Alonso
45.2%
Chicago BearsDanny Trevathan
45.1%
New York GiantsTae Davis
44.6%
Cleveland BrownsJoe Schobert
44.4%
Cincinnati BengalsNick Vigil
44.1%
Washington RedskinsJon Bostic
43.5%
Houston TexansBenardick McKinney
42.2%
Dallas CowboysSean Lee
41.1%
Carolina PanthersBruce Irvin
40.9%
Arizona CardinalsTerrell Suggs
40%
Los Angeles ChargersThomas Davis
39.9%
Atlanta FalconsVic Beasley
39.7%
Arizona CardinalsHaason Reddick
39.3%
Tennessee TitansCameron Wake
38.2%
Atlanta FalconsDe'Vondre Campbell
37.8%
Arizona CardinalsJordan Hicks
37.8%
Tennessee TitansJayon Brown
37.4%
Indianapolis ColtsMatthew Adams
36.1%
Detroit LionsDevon Kennard
34.4%
New Orleans SaintsDemario Davis
33%
New Orleans SaintsA.J. Klein
32.6%
Los Angeles RamsDante Fowler
32.4%
Tampa Bay BuccaneersDeone Bucannon
27.3%
Jacksonville JaguarsLeon Jacobs
26.4%
Tampa Bay BuccaneersCarl Nassib
22.2%
Atlanta FalconsDeion Jones
22.1%

You're not logged in!

Compare scores with friends on all Sporcle quizzes.
OR
Log In

Show Comments

Extras

Top Quizzes Today


Score Distribution

Your Account Isn't Verified!

In order to create a playlist on Sporcle, you need to verify the email address you used during registration. Go to your Sporcle Settings to finish the process.

Report this User

Report this user for behavior that violates our Community Guidelines.

Details: